000 00572nam a2200205Ia 4500
005 20250508150421.0
008 008 250505s9999 xx 000 0 eng d
037 _aTextual
040 _aFEDL
_beng
_cFEDL
041 _aeng
_2eng
084 _a914.2, PRE
_qFEDL
100 _aPreece D M
_993137
245 0 _aBritish isles. Book 2
260 _aLondon, UK
_bUniversity Tutorial Press Limited
_c1944
300 _aviii,300p.
490 _aModern Geography
700 _a Wood H R B
_9756640
942 _cTEXL
_h914.2, PRE
999 _c1323531
_d1323531